000 01006cam a2200301 a 4500
003 EG-GiCUC
008 910311s1993 fr d 000 0 fre
010 _a 91127500
020 _a285036066X
040 _aDLC
_cDLC
050 0 0 _aPC2625
_b.R5545 1993
092 0 4 _a443
_bR6424 1993
_221
099 _a04
_a443 R6424 1993
100 1 _aRobert, Paul,
_d1910-1980
245 1 3 _aLe Nouveau petit Robert :
_bdictionnaire alphabetique et analogique de la langue francaise /
_c[par Paul Robert ]; redaction dirigee par A. Rey et J. Rey-Debove.
250 _aNouv. ed. rev., corr. et mise ajour en 1993.
260 _aParis :
_bLe Robert;
_c1990.
300 _axxxv, 2467 p. ;
_c25 cm.
650 0 _aFrench language
_xDictionaries.
700 1 _aRey, Alain.
700 2 _aRey-Debove, Josette.
740 0 _aDictionnaire alphabetique et analogique de la langue francaise.
740 0 _aPetit Robert un.
902 _a1
905 _aIbrahim
_eRev
905 _aJamal
_eCat
942 _2ddc
_cREF
999 _c105110
_d105110